Doña Luz / (Record no. 166896)
[ view plain ]
| 000 -LEADER | |
|---|---|
| campo de control de longitud fija | 00532nam a2200169 i 4500 |
| 001 - NÚMERO DE CONTROL | |
| campo de control | 166896 |
| 003 - IDENTIFICADOR DE NÚMERO DE CONTROL | |
| campo de control | ES-MaACL |
| 005 - FECHA Y HORA DE LA ÚLTIMA TRANSACCIÓN | |
| campo de control | 20231223063113.0 |
| 008 - DATOS DE LONGITUD FIJA--INFORMACIÓN GENERAL | |
| campo de control de longitud fija | 960320s1879 sp |||| | spa d |
| 080 ## - NÚMERO DE LA CLASIFICACIÓN DECIMAL UNIVERSAL | |
| Número de la Clasificación Decimal Universal | 821.134.2-31"18" |
| 100 1# - ENTRADA PRINCIPAL--NOMBRE DE PERSONA | |
| Nombre de persona | Valera, Juan, |
| Fechas asociadas al nombre | 1824-1905 |
| 9 (RLIN) | 112638 |
| 245 10 - MENCIÓN DEL TÍTULO | |
| Título | Doña Luz / |
| Mención de responsabilidad, etc. | Juan Valera. |
| 260 ## - PUBLICACIÓN, DISTRIBUCIÓN, ETC. | |
| Lugar de publicación, distribución, etc. | Madrid ; |
| -- | París : |
| Nombre del editor, distribuidor, etc. | Biblioteca Perojo, |
| Fecha de publicación, distribución, etc. | 1879 ( |
| Fabricante | Tip. Perojo) |
| 300 ## - DESCRIPCIÓN FÍSICA | |
| Extensión | 246 p. ; |
| Dimensiones | 20 cm. |
| 852 ## - LOCALIZACIÓN | |
| Ubicación | ES-MaACL |
| Número de control de estantería | R-3225 |
| Encuadernación | Olim:D-1939 |
| Nota libre | - Enc. hol. |
| Encuadernación | - Olim: D-1939 |
| Estatus retirado | Estado de pérdida | Estado de daño | No para préstamo | Colección | Biblioteca de origen | Biblioteca actual | Ubicación en estantería | Fecha de adquisición | Fuente de adquisición | Total de préstamos | Signatura topográfica completa | Código de barras | Visto por última vez | Precio de reemplazo | Tipo de ítem Koha |
|---|---|---|---|---|---|---|---|---|---|---|---|---|---|---|---|
| Libros del s. XIX | Biblioteca del Ateneo de Madrid | Biblioteca del Ateneo de Madrid | Depósito | 17/01/2008 | R-3225 | 1175068 | 23/02/2023 | 23/02/2023 | Libro impreso antiguo |
